00682nam a2200157 a 450000100100000000500170001000800410002704000250006810000320009324500340012526000670015930000200022650000420024650001740028871000620046200004403820201002045117.0140513s20uu dr 000 0 spa d aDO-SdBNPbspacBNPHU1 aPellerano Gómez, Juan Ml.10aVisión y misión del juez. a[Santo Domingo] :bEscuela Nacional de la Judicatura,c[200?]. a15 p. ;c22 cm. aIncluye notas al pie de las páginas aCharla dictada en la entrega del premio al Segundo Concurso Nacional de Ensayos judiciales para los jueces el 1 de marzo del 2001 / Por el Dr. Juan Ml. Pellerano Gómez2 aEscuela Nacional de la Judicatura(República Dominicana)